000 00712nam a2200229Ia 4500
003 OSt
005 20250920085712.0
008 210716s2006 xx 000 0 und d
020 _a8126506954
040 _cAIMIT LIBRARY
041 _aeng
082 _a005.7525
_bGOSD
100 _aGosnell, Denise.
_9239721
245 _aBeginning access 2003 vba programming /
_cBy Denise Gosnell.
250 _a1st ed.
260 _aNew Delhi :
_bWiley India Pvt Ltd ,
_c2006.
300 _axx,522,8 p.;
_bPB
_c24.5 cm.
650 _aBasics of writing and testing vba code
_9239722
650 _aBuilding interactive forms
_9239723
650 _aInteracting with data using
_9239724
942 _2ddc
_cBK
_k005.7525 GOSD
999 _c187719
_d187719